书目信息 |
| 书名: | The Global resurgence of democracy | |
| 作者: | edited by Larry Diamond and Marc F. Plattner. | |
| 分册号: | ||
| 分册名: | 出版地: | Baltimore : |
|
| 出版社: | Johns Hopkins University Press | |
| 出版时间: | c1993. | |
| 页数: | xxvi, 336 p. ; | |
| 开本: | 24 cm. | |
| 丛书名: | ||
| 中图分类号: | ||
| 科图分类号: | ||
| 其他分类号: | D52 | |
| 主题词: | ||
| 电子资源: | http://www.loc.gov/catdir/bios/jhu052/92026344.html | |
| 000 | 01286pam a2200313 a 450 | |
| 001 | E0738622452 | |
| 005 | 20070515105111.23 | |
| 008 | 920709r19931990mdu b 001 0 eng | |
| 010 | @a92026344 | |
| 020 | @a0801845653 (pbk. : alk. paper). :@cCNY15.00. | |
| 035 | @A(DLC) 92026344 | |
| 040 | @aDLC@beng@cDLC@dDLC | |
| 050 | 00 | @aJC421@b.G58 1993 |
| 082 | 00 | @a321.8@2 20 |
| 090 | @aD52 | |
| 099 | @dD52@ex26 | |
| 245 | 04 | @aThe Global resurgence of democracy / @cedited by Larry Diamond and Marc F. Plattner. |
| 260 | @aBaltimore :@bJohns Hopkins University Press,@cc1993. | |
| 300 | @axxvi, 336 p. ;@c24 cm. | |
| 500 | @aArticles originally published in the quarterly Journal of democracy, 1990-1991. | |
| 504 | @aIncludes bibliographical references and index. | |
| 650 | 0 | @aWorld politics@y1989- |
| 650 | 0 | @aDemocracy. |
| 700 | 1 | @aDiamond, Larry Jay. |
| 700 | 1 | @aPlattner, Marc F.,@d1945- |
| 856 | 42 | @3 Contributor biographical information@uhttp://www.loc.gov/catdir/bios/jhu052/92026344.html |
| 906 | @a7@bcbc@corignew@d1@eocip@f19@gy-gencatlg | |
| 955 | @apc14 to sc00 07-09-92; sb02/desc 07-10-92; sb16 (subj) 07-10-92; sb03 to DDC 07-13-92; aa13 07-13-92; CIP ver. sf02 05-24-93 | |
| 991 | @bc-GenColl@hJC421@i.G58 1993@p00001903937@tCopy 1@wBOOKS | |
| The Global resurgence of democracy / / edited by Larry Diamond and Marc F. Plattner.-Baltimore : : Johns Hopkins University Press, , c1993. |
| xxvi, 336 p. ; ; 24 cm. |
| Articles originally published in the quarterly Journal of democracy, 1990-1991.-Includes bibliographical references and index. |
| ISBN 0801845653 (pbk. : alk. paper). :CNY15.00. |
| ● |
| 相关链接 |
|
|
|
|
正题名:Global resurgence of democracy
索取号:D52/x26
 
预约/预借
| 序号 | 登录号 | 条形码 | 馆藏地/架位号 | 状态 | 备注 |
| 1 | 9304 | 300093048 | 第二样本阅览室/ [索取号:D52/x26] | 在馆 | |
| 2 | 9305 | 300093057 | 第四借阅区/ [索取号:D52/x26] | 在馆 | |
| 3 | 9306 | 300093066 | 第四借阅区/ [索取号:D52/x26] | 在馆 | |
| 4 | 9307 | 300093075 | 第四借阅区/ [索取号:D52/x26] | 在馆 | |
| 5 | 9308 | 300093084 | 第四借阅区/ [索取号:D52/x26] | 在馆 |